al-Waṭanīyah wa-al-Salafīyah al-jadīdah fī al-Maghrib : min 1930 ilá 1956 /
Saved in:
| Main Author: | |
|---|---|
| Format: | Book |
| Language: | Arabic |
| Published: |
al-Dār al-Bayḍāʼ :
Ittiṣālāt Sabū,
2007.
|
| Edition: | al-Ṭabʻah 1. |
| Subjects: | |
| Tags: |
Add Tag
No Tags, Be the first to tag this record!
|
| LEADER | 01217aam a2200313 a 4500 | ||
|---|---|---|---|
| 001 | 011343473-1 | ||
| 005 | 20110527113646.0 | ||
| 008 | 081205s2007 mr b 000 0 ara c | ||
| 035 | 0 | |a ocn277050847 | |
| 040 | |a STF |c STF |d MEAUC |d OSU | ||
| 043 | |a f-mr--- | ||
| 050 | 4 | |a DT324 |b .A84 2005 | |
| 100 | 1 | |6 880-01 |a Ashqarā, ʻUthmān. | |
| 245 | 1 | 3 | |6 880-02 |a al-Waṭanīyah wa-al-Salafīyah al-jadīdah fī al-Maghrib : |b min 1930 ilá 1956 / |c ʻUthmān Ashqarā. |
| 250 | |6 880-03 |a al-Ṭabʻah 1. | ||
| 260 | |6 880-04 |a al-Dār al-Bayḍāʼ : |b Ittiṣālāt Sabū, |c 2007. | ||
| 300 | |a 269 p. ; |c 24 cm. | ||
| 504 | |a Includes bibliographical references (p. 248-261). | ||
| 650 | 0 | |a Nationalism |z Morocco. | |
| 650 | 0 | |a Salafīyah |z Morocco. | |
| 650 | 0 | |a National liberation movements |z Morocco. | |
| 651 | 0 | |a Morocco |x History |y 1912-1956. | |
| 752 | |a Morocco |d Casablanca. | ||
| 880 | 1 | |6 100-01 |a أشقرا، عثمان. | |
| 880 | 1 | 2 | |6 245-02 |a الوطنية والسلفية الجديدة في المغرب : |b من 1930 إلى 1956 / |c عثمان أشقرا. |
| 880 | |6 250-03 |a الطبعة 1. | ||
| 880 | |6 260-04 |a الدار البيضاء : |b اتصالات سبو، |c 2007. | ||
| 988 | |a 20071218 | ||
| 906 | |0 OCLC | ||


